000 00395cam a22001337a 4500
008 180718b1973 xxu||||| |||| 00| 0 eng d
082 _aL82 In2/73
100 _aSaxena, A.P.
245 _aMaterials planning
_cBy A.P. Saxena
260 _aDelhi
_bIndian Institute of Public Administration
_c1973
300 _a140p.
650 _aInventories
700 _aIndian Institute of Public Administration
999 _c475799
_d475799